| 000 | 01504nam a2200313 a 4500 | ||
|---|---|---|---|
| 999 |
_c1174 _d1174 |
||
| 001 | 016632154 | ||
| 003 | UkOxU | ||
| 005 | 20220805102330.0 | ||
| 008 | 040423r20001987enk 000 1 eng | ||
| 015 |
_aGBA545270 _2bnb |
||
| 020 | _a014118776X (pbk.) | ||
| 020 | _a9780141187761 | ||
| 035 | _a(Uk)008305543 | ||
| 040 |
_aUk _beng _cUk _dKH8 |
||
| 042 | _aukblsr | ||
| 082 | _aFIC ORW | ||
| 100 | 1 |
_aOrwell, George, _d1903-1950. _eAuthor |
|
| 245 | 1 | 0 |
_aNineteen eighty-four / _cGeorge Orwell ; introduction by Thomas Pynchon ; a note on the text by Peter Davison. |
| 246 | _a1984 | ||
| 260 |
_aLondon : _bPenguin Books, _c2000. |
||
| 300 |
_axx, 325 p. ; _c20 cm. |
||
| 500 | _aOriginally published: London : Martin Secker & Warburg Ltd, 1987. | ||
| 520 | _aHidden away in the Record Department of the sprawling Ministry of Truth, Winston Smith skilfully rewrites the past to suit the needs of the Party. Yet he inwardly rebels against the totalitarian world he lives in, which demands absolute obedience and controls him through the all-seeing telescreens and the watchful eye of Big Brother, symbolic head of the Party. In his longing for truth and liberty, Smith begins a secret love affair with a fellow-worker Julia, but soon discovers the true price of freedom is betrayal. | ||
| 650 | 0 |
_aTotalitarianism _vFiction. |
|
| 655 | 0 | 7 |
_aDystopias. _2gsafd |
| 700 |
_aPynchon, Thomas _eWriter of introduction |
||
| 700 |
_aDavison, Peter _eWriter of a note on the text |
||
| 942 |
_2ddc _cFIC |
||